000 00258nam a22001217a 4500
008 180227b xxu||||| |||| 00| 0 eng d
041 _aeng
080 _28 ed
_a579
100 _a11
101 _amic
245 _amicrobiology
_cwilley.sh
942 _2udc
_cBK
999 _c43556
_d43556